Trombinoscope de la NBA 2024-2025 - Statistiques

Statistiques générales
  • Ce quiz a été pris 632 fois
  • Le résultat moyen est 42 sur 50
Statistiques - réponses
Hint Réponse % Correct
Stephen Curry (95 de général)
95%
LeBron James (95 de général)
94%
Victor Wembanyama (91 de général)
94%
Nikola Jokic (97 de général)
94%
Joel Embiid (96 de général)
93%
Luka Doncic (97 de général)
93%
Kevin Durant (94 de général)
93%
Giannis Antetokounmpo (97 de général)
93%
Rudy Gobert (85 de général)
93%
Jayson Tatum (95 de général)
92%
Anthony Davis (94 de général)
92%
Jimmy Butler (89 de général)
90%
LaMelo Ball (87 de général)
90%
Devin Booker (93 de général)
90%
Jaylen Brown (92 de général)
90%
Trae Young (89 de général)
90%
Zion Williamson (88 de général)
89%
Anthony Edwards (93 de général)
89%
Ja Morant (90 de général)
89%
Paul George (89 de général)
88%
Kyrie Irving (92 de général)
88%
Tyrese Haliburton (90 de général)
88%
Karl-Anthony Towns (88 de général)
87%
Damian Lillard (89 de général)
87%
Kristaps Porzingis (87 de général)
86%
Domantas Sabonis (88 de général)
86%
Shai Gilgeous-Alexander (96 de général)
85%
Derrick White (86 de général)
85%
Donovan Mitchell (92 de général)
85%
Bam Adebayo (88 de général)
85%
Paolo Banchero (89 de général)
83%
Lauri Markkanen (86 de général)
82%
Jamal Murray (87 de général)
82%
Franz Wagner (86 de général)
82%
Chet Holmgren (87 de général)
82%
Pascal Siakam (88 de général)
82%
Tyrese Maxey (89 de général)
81%
DeMar DeRozan (87 de général)
81%
Cade Cunningham (86 de général)
81%
Alperen Sengun (85 de général)
78%
Julius Randle (85 de général)
78%
Jrue Holiday (87 de général)
76%
Brandon Ingram (85 de général)
75%
Jaren Jackson Jr (87 de général)
74%
De’Aaron Fox (88 de général)
74%
Jalen Brunson (93 de général)
73%
Scottie Barnes (85 de général)
72%
Jalen Williams (86 de général)
72%
Evan Mobley (86 de général)
71%
Dejounte Murray (86 de général)
64%
Aucun quiz correspondant
Distribution des résultats
% des personnes avec chaque résultat
Percentile par nombre de réponses
Votre historique - résultats
Vous n’avez pas pris ce quiz